| 000 | 01501nam0a2200373 4500 | ||
|---|---|---|---|
| 001 | RU\NLR\BIBL_A\022239767 | ||
| 005 | 20260420010523.0 | ||
| 010 |
_a978-5-04-195971-5 _bТеперь всё стало ясно! _91500 |
||
| 021 |
_aRU _bКН-П-24-023209 _9КН-П-24-2406 |
||
| 035 | _a(NLR Aleph) 022239767 | ||
| 090 |
_a13659217 _c13659217 |
||
| 100 | _a20240603d2024 u y0rusy50 ca | ||
| 101 | 0 | _arus | |
| 102 | _aRU | ||
| 105 | _aach z 000yy | ||
| 181 | 0 |
_ai3 _baxxe |
|
| 182 | 0 | _an | |
| 200 | 1 |
_aПсихоанализ _eзнания, которые не займут много места _f[Екатерина Хортова, Валерия Черепенчук] |
|
| 203 |
_aТекст _bвизуальный _cнепосредственный |
||
| 210 |
_aМосква _cБомбора _cЭксмо _d2024 |
||
| 215 |
_a123, [3] с. _cил., портр., факс. _d20 |
||
| 225 | 1 | _aТеперь всё стало ясно! | |
| 300 | _aАвт. указаны над. вып. дан. | ||
| 320 | _aБиблиогр. в конце кн. (14 назв.) | ||
| 333 | _a16+ | ||
| 606 | 1 |
_aПсихоанализ _9953300 _3RU\NLR\AUTH\66354833 |
|
| 686 | 1 | _aЮ91(0)6-736 | |
| 686 | 1 | _aЮ937-953.6 | |
| 700 | 1 |
_aХортова _bЕ. А. _gЕкатерина Анатольевна |
|
| 701 | 1 |
_aЧерепенчук _bВ. С. _gВалерия Сергеевна |
|
| 942 | _cBOOK | ||
| 980 | _aNB | ||